Statistics for U.S. States Without Vowels

Click here to take the quiz!

General Stats

  • This quiz has been taken 27 times
  • The average score is 39 of 50

Answer Stats

HintAnswer% Correct
Nw HmpshrNew Hampshire
100%
Rhd SlndRhode Island
100%
CnnctctConnecticut
96%
KnssKansas
96%
MssssppMississippi
96%
WshngtnWashington
96%
ClrdColorado
92%
DlwrDelaware
88%
GrgGeorgia
88%
Nw JrsNew Jersey
88%
Nrth DktNorth Dakota
88%
TxsTexas
88%
VrmntVermont
88%
LskAlaska
84%
MchgnMichigan
84%
NbrskNebraska
84%
NvdNevada
84%
Nw MxcNew Mexico
84%
Nrth CrlnNorth Carolina
84%
PnnslvnPennsylvania
84%
Sth CrlnSouth Carolina
84%
Sth DktSouth Dakota
84%
VrgnVirginia
84%
WscnsnWisconsin
84%
FlrdFlorida
80%
KntckKentucky
80%
MnMaine
80%
MrlndMaryland
80%
MsschsttsMassachusetts
80%
MntnMontana
80%
Wst VrgnWest Virginia
80%
WmngWyoming
80%
ClfrnCalifornia
76%
MssrMissouri
76%
TnnssTennessee
76%
LbmAlabama
72%
RznArizona
72%
RknssArkansas
72%
MnnstMinnesota
72%
Nw RkNew York
72%
HOhio
72%
HwHawaii
68%
DhIdaho
60%
KlhmOklahoma
60%
RgnOregon
60%
WIowa
52%
LsnLouisiana
52%
ThUtah
52%
NdnIndiana
44%
LlnsIllinois
40%

Score Distribution

Percentile by Number Answered

Percent of People with Each Score

Your Score History

You have not taken this quiz